[Event "GER-chT U20"]
[Site "Osnabrueck"]
[Date "2013.12.29"]
[Round "5.6"]
[White "Ospina Ocampo, Antonio"]
[Black "Thren, Christian"]
[Result "0-1"]
[WhiteElo "1320"]
[BlackElo "1543"]
[PlyCount "60"]
[EventDate "2013.12.27"]
[EventType "team-swiss"]
[EventRounds "7"]
[EventCountry "GER"]
[SourceTitle "EXT 2015"]
[Source "ChessBase"]
[SourceDate "2014.11.20"]
[SourceVersion "1"]
[SourceVersionDate "2014.11.20"]
[SourceQuality "1"]
[WhiteTeam "Karlsruhe"]
[BlackTeam "Heilbronn"]
[WhiteTeamCountry "GER"]
[BlackTeamCountry "GER"]

1. e4 d5 2. exd5 Qxd5 3. Nf3 Bg4 4. Be2 Nf6 5. 0-0 Nc6 6. Re1 e6 7. Nc3 Qd6 8. d3 a6 9. Nh4 Bxe2 10. Qxe2 Nd4 11. Qd1 Be7 12. Ne4 Nxe4 13. Rxe4 0-0-0 14. Nf3 Nxf3+ 15. Qxf3 f5 16. Re2 Bf6 17. Rb1 Kb8 18. b3 g6 19. Be3 Rhe8 20. Rbe1 e5 21. Bc1 Re7 22. Qg3 Rde8 23. Bg5 Bxg5 24. Qxg5 Re6 25. a4 e4 26. dxe4 Rxe4 27. Rxe4 Rxe4 28. Qc1 Rd4 29. h3 Rd2 30. Kf1 Qd4 0-1

[Event "GER-chT U14"]
[Site "Magdeburg"]
[Date "2012.12.27"]
[Round "1.4"]
[White "Zouani, Samir"]
[Black "Ospina Ocampo, Antonio"]
[Result "1/2-1/2"]
[WhiteElo "1486"]
[BlackElo "1331"]
[PlyCount "87"]
[EventDate "2012.12.27"]
[EventType "team-swiss"]
[EventRounds "7"]
[EventCountry "GER"]
[SourceTitle "EXT 2014"]
[Source "ChessBase"]
[SourceDate "2013.11.20"]
[SourceVersion "1"]
[SourceVersionDate "2013.11.20"]
[SourceQuality "1"]
[WhiteTeam "Backnang"]
[BlackTeam "Karlsruhe 1853"]
[WhiteTeamCountry "GER"]
[BlackTeamCountry "GER"]

1. e4 e5 2. Nf3 Nc6 3. Bc4 Bc5 4. c3 Nf6 5. d4 exd4 6. e5 Qe7 7. cxd4 Bb4+ 8. Bd2 Bxd2+ 9. Nbxd2 d6 10. 0-0 Nd7 11. exd6 Qxd6 12. Re1+ Ne7 13. Ne4 Qb4 14. Qe2 0-0 15. b3 Ng6 16. Nfg5 h6 17. Nf3 Nb6 18. a3 Qa5 19. Nc5 Nxc4 20. Qxc4 Qb6 21. b4 Qf6 22. Ne4 Qe6 23. Qxc7 Qd5 24. Qg3 Bf5 25. Nd6 Be6 26. Ne4 Qc6 27. Ne5 Nxe5 28. dxe5 Rac8 29. Nf6+ Kh8 30. Nh5 Rg8 31. Qh4 Bd5 32. f3 Rce8 33. Nf6 Re6 34. Nxg8 Kxg8 35. Rac1 Qd7 36. Qg4 Qe7 37. Qf5 Bc6 38. Rcd1 Rg6 39. Qc8+ Kh7 40. Rd8 Rg5 41. f4 Rxg2+ 42. Kf1 Qh4 43. Qf5+ Rg6 44. Re2 1/2-1/2

[Event "GER-chT U14"]
[Site "Lingen"]
[Date "2011.12.28"]
[Round "4.3"]
[White "Zimmermeier, Gregor"]
[Black "Ospina Ocampo, Antonio"]
[Result "1-0"]
[WhiteElo "877"]
[BlackElo "934"]
[PlyCount "89"]
[EventDate "2011.12.27"]
[EventType "team-swiss"]
[EventRounds "7"]
[EventCountry "GER"]
[SourceTitle "EXT 2022"]
[Source "ChessBase"]
[SourceDate "2021.10.06"]
[SourceVersion "1"]
[SourceVersionDate "2021.10.06"]
[SourceQuality "1"]
[WhiteTeam "Schwarzenbach Caissa U14"]
[BlackTeam "Karlsruhe 1853 U14"]
[WhiteTeamCountry "GER"]
[BlackTeamCountry "GER"]

1. e4 e5 2. Nf3 Nc6 3. d4 f6 4. dxe5 Qe7 5. exf6 Qxe4+ 6. Qe2 Qxe2+ 7. Bxe2 Nxf6 8. Nc3 Bb4 9. Bd2 d6 10. a3 Ba5 11. Bd3 Bg4 12. Ng5 Bh5 13. 0-0 0-0-0 14. Rfe1 h6 15. Ne6 Rdg8 16. Bf5 Kb8 17. Nf4 Nd4 18. Bd3 Re8 19. Rxe8+ Rxe8 20. Nxh5 Nxh5 21. Bg6 Nf6 22. Bxe8 Nxe8 23. Rc1 Bxc3 24. Re1 Nf6 25. Bxc3 c5 26. Bxd4 cxd4 27. Rd1 Kc7 28. Rxd4 d5 29. c4 dxc4 30. Rxc4+ Kd6 31. Ra4 a6 32. Rb4 Kc6 33. f3 b5 34. a4 Kc5 35. Rh4 b4 36. Kf2 a5 37. Ke2 Kd5 38. Kd3 Kc5 39. Rc4+ Kb6 40. Kd4 Nd7 41. Kd5 h5 42. Kd6 Nb8 43. g4 hxg4 44. Rxg4 g5 45. h4 1-0

[Event "GER-chT U14"]
[Site "Lingen"]
[Date "2011.12.27"]
[Round "2.3"]
[White "Schimnatkowski, Lukas"]
[Black "Ospina Ocampo, Antonio"]
[Result "1-0"]
[WhiteElo "1338"]
[BlackElo "934"]
[PlyCount "47"]
[EventDate "2011.12.27"]
[EventType "team-swiss"]
[EventRounds "7"]
[EventCountry "GER"]
[SourceTitle "EXT 2022"]
[Source "ChessBase"]
[SourceDate "2021.10.06"]
[SourceVersion "1"]
[SourceVersionDate "2021.10.06"]
[SourceQuality "1"]
[WhiteTeam "Katernberg U14"]
[BlackTeam "Karlsruhe 1853 U14"]
[WhiteTeamCountry "GER"]
[BlackTeamCountry "GER"]

1. e4 e5 2. d4 exd4 3. Nf3 Nc6 4. Bc4 Na5 5. Bd3 Bc5 6. 0-0 d6 7. Bd2 Nc6 8. c3 dxc3 9. Nxc3 Nf6 10. a3 Bg4 11. Bg5 h6 12. Bh4 g5 13. Bg3 Nh5 14. Nd5 Nxg3 15. hxg3 Ne5 16. Be2 c6 17. Nc3 Nxf3+ 18. Bxf3 Bxf3 19. Qxf3 Qe7 20. Rad1 0-0-0 21. b4 Bb6 22. Rc1 a6 23. a4 Kc7 24. Nd5+ 1-0